Normal view
MARC view
- Criminal law
Entry Topical Term
001 - CONTROL NUMBER
- control field: 94221
003 - CONTROL NUMBER IDENTIFIER
- control field: NUST
005 - DATE AND TIME OF LATEST TRANSACTION
- control field: 20220721092227.0
008 - FIXED-LENGTH DATA ELEMENTS
- fixed length control field: 220721|| aca||aabn | a|a d
040 ## - CATALOGING SOURCE
- Original cataloging agency: NUST
- Transcribing agency: NUST
150 ## - HEADING--TOPICAL TERM
- Topical term or geographic name entry element: Criminal law
- General subdivision: Philosophy
670 ## - SOURCE DATA FOUND
- Source citation: Work cat.: (NUST)0: Norrie, Alan W. (Alan William), 1953- author. 94218, Crime, reason and history :
